2022 FIFA WORLD CUP COUNTRIES - SUDDEN DEATH - Statistics

General Stats
  • This quiz has been taken 111 times
  • The average score is 21 of 32
Answers on the Grid
Answers color-coded by a green-red scale on the quiz's grid according to % correct below.
Japan
Iceland
Canada
Iran
Portugal
Spain
Netherlands
Uruguay
Qatar
Italy
Ukraine
Ecuador
Switzerland
Poland
Wales
Senegal
Mexico
Egypt
Tunisia
Argentina
Hungary
South Korea
Ghana
France
England
Belgium
Algeria
Saudi Arabia
Croatia
Russia
Costa Rica
Nigeria
Australia
United States
Morocco
Colombia
Serbia
Brazil
Chile
Germany
Cameroon
Austria
Denmark
Panama
 
Answer Stats
Answer % Correct
Portugal
95%
Spain
90%
Japan
85%
Netherlands
85%
Qatar
80%
Uruguay
80%
England
75%
Switzerland
75%
Argentina
70%
Brazil
70%
Croatia
70%
France
70%
Iran
70%
Canada
65%
Mexico
65%
Poland
65%
Saudi Arabia
65%
South Korea
65%
United States
65%
Belgium
60%
Denmark
60%
Germany
60%
Morocco
60%
Serbia
60%
Australia
55%
Cameroon
55%
Ecuador
55%
Senegal
55%
Wales
55%
Tunisia
50%
Costa Rica
45%
Ghana
45%
No matching quizzes found
Score Distribution
Percent of People with Each Score
Percentile by Number Answered
Your Score History
You have not taken this quiz